| 000 | 01832cam a2200409 a 4500 | ||
|---|---|---|---|
| 001 | L136927 | ||
| 002 | 16419 | ||
| 008 | 070305s2007 xxk f 001 0 eng d | ||
| 020 | _a9781842193174 | ||
| 035 | _a(Sirsi) u136927 | ||
| 041 | 0 | _aeng | |
| 050 | 0 | 4 | _a692.8 $2 18 |
| 100 | 1 | _aHolland, Gideon Scott | |
| 245 | 0 | 0 |
_aCase in point _bcontract administration |
| 260 |
_aLondon _bRICS Books _c2007 |
||
| 300 |
_axx, 196p. _c21cm. |
||
| 350 | _a27.50 | ||
| 490 | 0 | _aRICS Case in Point Series | |
| 505 | 1 | _aIntroduction -- The functions of a contract administrator -- Duties typically owed by contract administrators -- Duties typically owed to contract administrators -- Disputes and dispute resolution | |
| 520 | _aProvides a guide to all aspects of construction contract administration. Describes the functions which administrators are expected to fill the duties associated with the role. Details standards and the duty of care. Also covers the rights of the administrator. Includes a section on dispute resolution and the administrator as an arbitrator. Covers relevant legislation. Extensive case law. | ||
| 590 | _aKA | ||
| 650 | 2 | 4 | _aARBITRATION ACT 1979 |
| 650 | 2 | 4 | _aCIVIL LIABILITY (CONTRIBUTION) ACT 1978 |
| 650 | 2 | 4 | _aCOMPENSATION ACT 2006 |
| 650 | 2 | 4 | _aCONTRACTS (RIGHTS OF THIRD PARTIES) ACT 1999 |
| 650 | 2 | 4 | _aDEFECTIVE PREMISES ACT 1972 |
| 650 | 2 | 4 | _aHOUSING GRANTS, CONSTRUCTION AND REGENERATION ACT 1996 |
| 650 | 2 | 4 | _aLATENT DAMAGE ACT 1986 |
| 650 | 2 | 4 | _aLAW REFORM (CONTRIBUTORY NEGLIGENCE) ACT 1945 |
| 650 | 2 | 4 | _aLIMITATION ACT 1980 |
| 650 | 2 | 4 | _aLONDON BUILDING ACT 1984 |
| 650 | 2 | 4 | _aUNFAIR TERMS IN CONSUMER CONTRACTS REGULATIONS 1999 |
| 651 | 4 |
_aUnited Kingdom _y |
|
| 690 | _aMANAGEMENT-PROJECT MANAGEMENT-CONTRACT ADMINISTRATION | ||
| 700 | 1 | _aLamont, Calum | |
| 942 | _n0 | ||
| 999 |
_c106555 _d106555 |
||